Statistiques concernant Pays les plus proches du Monténégro - sprint d'une minute

Cliquez ici pour prendre le quiz!

Statistiques générales

  • Ce quiz a été pris 118 fois
  • Le résultat moyen est 15 sur 20

Statistiques - réponses

kmpays% Correct
178Grèce
97%
0Croatie
95%
0Serbie
95%
0Bosnie-
Herzégovine
93%
0Albanie
92%
88Macédoine
du Nord
92%
0Kosovo
90%
358Slovénie
90%
175Bulgarie
87%
176Italie
87%
247Hongrie
84%
223Roumanie
81%
416Autriche
79%
467Slovaquie
71%
507Turquie
66%
568Ukraine
60%
585Tchèquie
51%
495Saint-Marin
44%
631Pologne
42%
497Vatican
40%

Distribution des résultats

Percentile par nombre de réponses

% des personnes avec chaque résultat

Votre développement - résultats

Vous n’avez pas pris ce quiz